000 00766nam a2200265Ia 4500
003 OSt
005 20220918164643.0
006 a|||||r|||| 00| 0
007 ta
008 220917b |||||||| |||| 00| 0 eng d
020 _a0709912579 (hbk)
024 _a161,553
037 _cTextual
040 _aARTS
_cARTS
_beng
041 _2eng
_aeng
082 _aV1TH:2.N, M3
100 _aHiggott Richard A
_916750
245 0 _aPolitical development theory
_b the contemporary debate
260 _aLondon
_bCroom Helm
_c1983
300 _axi, 124p.
_ccm.
490 _aCroom Helm international series in social and political thought
650 _aHISTORY
942 _hV1TH:2.N, M3
_cTEXL
_2CC
999 _c125773
_d125773